| 000 | 00623nam a22002177a 4500 | ||
|---|---|---|---|
| 003 | OSt | ||
| 005 | 20220107122754.0 | ||
| 008 | 140621b xxu||||| |||| 00| 0 eng d | ||
| 020 | _a9780849319006 | ||
| 040 | _cIIITM-K | ||
| 082 | _a621.367 JAH/P | ||
| 100 |
_aJahne, Bernd _95690 |
||
| 245 |
_aPractical handbook on image processing for scientific and technical applications _cby Bernd Jahne |
||
| 250 | _a2nd ed. | ||
| 260 |
_aNew York, _bCRC Press _c2013. |
||
| 300 | _axii, 584p. | ||
| 650 |
_aIMAGE PROCESSING _95691 |
||
| 650 |
_aIMAGE ANALYSIS _95692 |
||
| 650 |
_aDIGITAL IMAGE ANALYSIS _95693 |
||
| 942 |
_2ddc _cBK |
||
| 999 |
_c4431 _d4431 |
||